[Event "CRO-chT1A 29th"]
[Site "Mali Losinj"]
[Date "2021.10.01"]
[Round "7.5"]
[White "Lalic, Bogdan"]
[Black "Vujakovic, Branko"]
[Result "1/2-1/2"]
[WhiteElo "2402"]
[BlackElo "2303"]
[PlyCount "28"]
[EventDate "2021.09.25"]
[EventType "team-tourn"]
[EventRounds "9"]
[EventCountry "CRO"]
[SourceTitle "CBM 204 Extra"]
[Source "ChessBase"]
[SourceDate "2021.11.30"]
[SourceVersion "1"]
[SourceVersionDate "2021.11.30"]
[SourceQuality "1"]
[WhiteTeam "Kastel Novi"]
[BlackTeam "Zagreb Hask Mladost"]
[WhiteTeamCountry "CRO"]
[BlackTeamCountry "CRO"]

1. c4 e5 2. Nc3 Nf6 3. Nf3 Nc6 4. g3 d5 5. cxd5 Nxd5 6. Bg2 Nb6 7. 0-0 Be7 8. a3 0-0 9. b4 Be6 10. Rb1 a6 11. Ne4 Bd5 12. d3 Bxe4 13. dxe4 Qxd1 14. Rxd1 Nc4 1/2-1/2

[Event "Split op 10th"]
[Site "Split"]
[Date "2021.08.03"]
[Round "5"]
[White "Minko, Dmitry"]
[Black "Vujakovic, Branko"]
[Result "1-0"]
[WhiteElo "2136"]
[BlackElo "2323"]
[PlyCount "57"]
[EventDate "2021.07.31"]
[EventType "swiss"]
[EventRounds "9"]
[EventCountry "CRO"]
[SourceTitle "CBM 203 Extra"]
[Source "ChessBase"]
[SourceDate "2021.09.30"]
[SourceVersion "1"]
[SourceVersionDate "2021.09.30"]
[SourceQuality "1"]

1. e4 c5 2. Nf3 Nc6 3. d4 cxd4 4. Nxd4 Qc7 5. Nc3 e6 6. a3 a6 7. Be3 Nf6 8. Be2 Be7 9. Qd2 b5 10. f4 Nxd4 11. Qxd4 Bb7 12. g4 d6 13. 0-0-0 Rc8 14. Bf3 0-0 15. g5 Nd7 16. Qd2 Nc5 17. Rhf1 a5 18. Kb1 b4 19. Nb5 Qb6 20. a4 Ba6 21. f5 Bxb5 22. axb5 Rfd8 23. fxe6 fxe6 24. Bg4 Qxb5 25. Bxc5 Rxc5 26. Bxe6+ Kh8 27. Rf7 Bxg5 28. Qxd6 Qe8 29. Rdf1 1-0

[Event "CRO-chT1A 28th"]
[Site "Mali Losinj"]
[Date "2019.10.04"]
[Round "7.45"]
[White "Palac, Mladen"]
[Black "Vujakovic, Branko"]
[Result "1/2-1/2"]
[WhiteElo "2544"]
[BlackElo "2325"]
[PlyCount "82"]
[EventDate "2019.09.28"]
[EventType "team-tourn"]
[EventRounds "9"]
[EventCountry "CRO"]
[SourceTitle "EXT 2020"]
[Source "ChessBase"]
[SourceDate "2019.10.17"]
[SourceVersion "1"]
[SourceVersionDate "2019.10.17"]
[SourceQuality "1"]
[WhiteTeam "Zagreb Zagreb"]
[BlackTeam "Zagreb Hask Mladost"]
[WhiteTeamCountry "CRO"]
[BlackTeamCountry "CRO"]

1. e4 d5 2. exd5 Qxd5 3. Nc3 Qa5 4. d4 Nf6 5. Nf3 c6 6. Bf4 Bf5 7. Ne5 e6 8. g4 Bg6 9. h4 Nd5 10. Bd2 Nxc3 11. bxc3 Qa4 12. Qb1 b5 13. Nxg6 hxg6 14. Qb3 Qa3 15. c4 Qd6 16. c3 Be7 17. cxb5 Rxh4 18. Bg2 Rxh1+ 19. Bxh1 Nd7 20. Bxc6 Rd8 21. 0-0-0 Kf8 22. Rh1 Kg8 23. g5 Ne5 24. Be4 Ng4 25. f4 Nf2 26. Re1 Nxe4 27. Rxe4 a6 28. a4 axb5 29. axb5 Ra8 30. Kc2 Ra3 31. Qc4 Ra1 32. Qb3 Ra3 33. Qc4 Ra1 34. Re2 Qa3 35. Be3 Rh1 36. Kd3 Qa1 37. Qa2 Qd1+ 38. Kc4 Qf1 39. Kb3 Qd1+ 40. Kc4 Qf1 41. Kb3 Qd1+ 1/2-1/2

[Event "CRO-chT1A 28th"]
[Site "Mali Losinj"]
[Date "2019.10.01"]
[Round "4.46"]
[White "Petrov, Jole"]
[Black "Vujakovic, Branko"]
[Result "1/2-1/2"]
[WhiteElo "2418"]
[BlackElo "2325"]
[PlyCount "77"]
[EventDate "2019.09.28"]
[EventType "team-tourn"]
[EventRounds "9"]
[EventCountry "CRO"]
[SourceTitle "EXT 2020"]
[Source "ChessBase"]
[SourceDate "2019.10.17"]
[SourceVersion "1"]
[SourceVersionDate "2019.10.17"]
[SourceQuality "1"]
[WhiteTeam "Rijeka Rijeka"]
[BlackTeam "Zagreb Hask Mladost"]
[WhiteTeamCountry "CRO"]
[BlackTeamCountry "CRO"]

1. c4 Nf6 2. Nc3 d5 3. cxd5 Nxd5 4. g3 g6 5. Bg2 Nb6 6. d3 Bg7 7. Be3 Nc6 8. Qd2 Nd4 9. Nf3 Nxf3+ 10. Bxf3 c6 11. h4 h5 12. 0-0 Bf5 13. Rfc1 0-0 14. Bh6 Qd4 15. Bxg7 Kxg7 16. Nd1 Rfd8 17. Ne3 Be6 18. a3 a5 19. Qc3 Na4 20. Qxd4+ Rxd4 21. b3 Nb6 22. Rab1 Nd7 23. Bg2 a4 24. b4 Bb3 25. Nc4 Bxc4 26. dxc4 Ne5 27. c5 Rd2 28. f4 Ng4 29. Bf3 e5 30. b5 e4 31. Bxe4 Rxe2 32. bxc6 bxc6 33. Bxc6 Rd8 34. Rc3 Nf2 35. Bg2 Nd1 36. Rcc1 Rd3 37. Rxd1 Rxg3 38. Rbc1 Rgxg2+ 39. Kf1 1/2-1/2

[Event "CRO Cup"]
[Site "Mali Losinj"]
[Date "2019.05.16"]
[Round "3.82"]
[White "Vujakovic, Branko"]
[Black "Grbac, Boris"]
[Result "0-1"]
[WhiteElo "2334"]
[BlackElo "2104"]
[PlyCount "52"]
[EventDate "2019.05.15"]
[EventType "team-swiss"]
[EventRounds "6"]
[EventCountry "CRO"]
[SourceTitle "CBM 190 Extra"]
[Source "ChessBase"]
[SourceDate "2019.07.15"]
[SourceVersion "1"]
[SourceVersionDate "2019.07.15"]
[SourceQuality "1"]
[WhiteTeam "Zagreb Mladost"]
[BlackTeam "Porec Gortan"]
[WhiteTeamCountry "CRO"]
[BlackTeamCountry "CRO"]

1. e4 c5 2. Nf3 d6 3. d4 cxd4 4. Nxd4 Nf6 5. Nc3 g6 6. Be2 Bg7 7. Be3 0-0 8. Qd2 Nc6 9. 0-0-0 d5 10. Nxc6 bxc6 11. exd5 cxd5 12. Nxd5 Nxd5 13. Qxd5 Qc7 14. Qxa8 Bf5 15. Qxf8+ Kxf8 16. Rd2 Qb8 17. b3 Bc3 18. Rdd1 h5 19. Kb1 Qb4 20. Rd8+ Kg7 21. Rhd1 Bf6 22. Bd3 Qc3 23. Kc1 e5 24. Bxf5 Bxd8 25. Rxd8 gxf5 26. a4 f4 0-1

[Event "CRO-chT1B 27th"]
[Site "Biograd"]
[Date "2018.09.23"]
[Round "9.54"]
[White "Vujakovic, Branko"]
[Black "Martic, Zlatko"]
[Result "1/2-1/2"]
[WhiteElo "2340"]
[BlackElo "2244"]
[PlyCount "60"]
[EventDate "2018.09.15"]
[EventType "team-swiss"]
[EventRounds "9"]
[EventCountry "CRO"]
[SourceTitle "CBM 186 Extra"]
[Source "ChessBase"]
[SourceDate "2018.08.24"]
[SourceVersion "1"]
[SourceVersionDate "2018.08.24"]
[SourceQuality "1"]
[WhiteTeam "Zagreb Hask Mladost"]
[BlackTeam "Slavonski Brod Dakovic"]
[WhiteTeamCountry "CRO"]
[BlackTeamCountry "CRO"]

1. e4 c5 2. Nf3 e6 3. d4 cxd4 4. Nxd4 Nc6 5. Nc3 Qc7 6. Be2 a6 7. 0-0 b5 8. Nxc6 Qxc6 9. e5 Bb7 10. Bf3 Qc7 11. Bf4 Ne7 12. Re1 Rc8 13. Bxb7 Qxb7 14. Ne4 Nd5 15. Bg5 h6 16. Bh4 Qc6 17. c3 d6 18. Bg3 h5 19. h3 dxe5 20. Bxe5 f6 21. Bh2 Kf7 22. a4 b4 23. Qe2 bxc3 24. bxc3 e5 25. Rec1 Be7 26. c4 Nc7 27. f4 exf4 28. Bxf4 Ne6 29. Bg3 Nc5 30. Nxc5 Bxc5+ 1/2-1/2

[Event "CRO Cup"]
[Site "Mali Losinj"]
[Date "2018.05.19"]
[Round "5.62"]
[White "Tica, Sven"]
[Black "Vujakovic, Branko"]
[Result "1-0"]
[WhiteElo "2444"]
[BlackElo "2335"]
[PlyCount "85"]
[EventDate "2018.05.16"]
[EventType "team-swiss"]
[EventRounds "6"]
[EventCountry "CRO"]
[SourceTitle "CBM 184 Extra"]
[Source "ChessBase"]
[SourceDate "2018.06.28"]
[SourceVersion "1"]
[SourceVersionDate "2018.06.28"]
[SourceQuality "1"]
[WhiteTeam "Rijeka CC"]
[BlackTeam "Zagreb Mladost"]
[WhiteTeamCountry "CRO"]
[BlackTeamCountry "CRO"]

1. d4 Nf6 2. c4 g6 3. Nc3 d5 4. Bf4 Bg7 5. e3 0-0 6. Rc1 Be6 7. c5 Ne4 8. Bd3 Nxc3 9. Rxc3 Nc6 10. h3 Bc8 11. Nf3 e5 12. dxe5 Qe7 13. Bg5 Qe6 14. Bb5 Bxe5 15. Nxe5 Nxe5 16. Bh6 Rd8 17. Qd4 f6 18. 0-0 c6 19. Be2 Nf7 20. Bf4 Qe7 21. b4 Bd7 22. a4 Re8 23. f3 Nd8 24. Bd6 Qg7 25. Rd1 Nf7 26. Bh2 Be6 27. b5 Ne5 28. f4 Nd7 29. g4 f5 30. g5 Bf7 31. Bf3 Nf8 32. Qb4 Re7 33. Bg3 Rae8 34. Bf2 Ne6 35. Rcd3 Rc8 36. Kh2 cxb5 37. Rxd5 bxa4 38. Qxa4 Be8 39. Qb3 Qf7 40. Re5 Bc6 41. Be2 Qe8 42. Rd6 Ba4 43. Qa2 1-0

[Event "Zagreb Hulak Memorial op 2nd"]
[Site "Zagreb"]
[Date "2017.12.02"]
[Round "3"]
[White "Vujakovic, Branko"]
[Black "Zelcic, Robert"]
[Result "0-1"]
[WhiteElo "2329"]
[BlackElo "2493"]
[PlyCount "64"]
[EventDate "2017.11.30"]
[EventType "swiss"]
[EventRounds "9"]
[EventCountry "CRO"]
[SourceTitle "EXT 2019"]
[Source "ChessBase"]
[SourceDate "2018.10.10"]
[SourceVersion "1"]
[SourceVersionDate "2018.10.10"]
[SourceQuality "1"]

1. e4 c6 2. d4 d5 3. exd5 cxd5 4. Bd3 Nc6 5. c3 Qc7 6. Ne2 Bg4 7. 0-0 e6 8. Qe1 Bxe2 9. Qxe2 Bd6 10. g3 Nge7 11. Nd2 0-0-0 12. f4 Rde8 13. Nf3 Kb8 14. Bd2 Ng6 15. Rae1 f6 16. Qg2 e5 17. fxe5 fxe5 18. Bxg6 hxg6 19. dxe5 Nxe5 20. Nxe5 Rxe5 21. Rxe5 Bxe5 22. Be3 Qc4 23. a3 Bf6 24. Rd1 Re8 25. Bf4+ Ka8 26. Qf1 Qc6 27. h4 a6 28. Rd2 Re4 29. Qd1 Qe6 30. Kf2 Bxh4 31. Kf3 Rxf4+ 32. gxf4 Qh3+ 0-1

[Event "CRO-chT1B 26th"]
[Site "Mali Losinj"]
[Date "2017.10.03"]
[Round "6.24"]
[White "Vujakovic, Branko"]
[Black "Trbojevic, Mladen"]
[Result "0-1"]
[WhiteElo "2355"]
[BlackElo "2338"]
[PlyCount "66"]
[EventDate "2017.09.28"]
[EventType "team-tourn"]
[EventRounds "9"]
[EventCountry "CRO"]
[SourceTitle "EXT 2018"]
[Source "ChessBase"]
[SourceDate "2017.10.13"]
[SourceVersion "1"]
[SourceVersionDate "2017.10.13"]
[SourceQuality "1"]
[WhiteTeam "Zagreb Mladost"]
[BlackTeam "Strigova Stridon"]
[WhiteTeamCountry "CRO"]
[BlackTeamCountry "CRO"]

1. e4 e5 2. Nf3 Nc6 3. Bb5 a6 4. Ba4 Nf6 5. 0-0 Be7 6. Re1 b5 7. Bb3 d6 8. a4 b4 9. d3 0-0 10. Nbd2 Rb8 11. h3 h6 12. c3 d5 13. Qc2 Be6 14. a5 bxc3 15. bxc3 dxe4 16. dxe4 Bxb3 17. Nxb3 Qc8 18. Be3 Qe6 19. Nbd2 Rb5 20. Qa2 Qxa2 21. Rxa2 Rfb8 22. Ra4 Bd6 23. Rea1 Nd7 24. Kf1 Bc5 25. Ke2 Bxe3 26. Kxe3 Nc5 27. R4a3 Rd8 28. Rb1 Rxa5 29. Rxa5 Nxa5 30. Nxe5 f6 31. Ra1 fxe5 32. Rxa5 Rd3+ 33. Ke2 Rxd2+ 0-1

[Event "CRO-chT1B 26th"]
[Site "Mali Losinj"]
[Date "2017.09.29"]
[Round "2.2"]
[White "Biti, Ozren"]
[Black "Vujakovic, Branko"]
[Result "1-0"]
[WhiteElo "2345"]
[BlackElo "2355"]
[PlyCount "73"]
[EventDate "2017.09.28"]
[EventType "team-tourn"]
[EventRounds "9"]
[EventCountry "CRO"]
[SourceTitle "EXT 2018"]
[Source "ChessBase"]
[SourceDate "2017.10.13"]
[SourceVersion "1"]
[SourceVersionDate "2017.10.13"]
[SourceQuality "1"]
[WhiteTeam "Djakovo Limmont"]
[BlackTeam "Zagreb Mladost"]
[WhiteTeamCountry "CRO"]
[BlackTeamCountry "CRO"]

1. e4 d5 2. exd5 Qxd5 3. Nf3 Bg4 4. Be2 Nc6 5. d4 0-0-0 6. c4 Qf5 7. Be3 Bxf3 8. Bxf3 Nxd4 9. Bxd4 Qe6+ 10. Be2 Qe4 11. 0-0 Qxd4 12. Qa4 e6 13. Nc3 Bd6 14. Nb5 Qe5 15. Nxd6+ cxd6 16. Bf3 Kb8 17. Rfe1 Qc5 18. Re3 Nf6 19. Rc1 Rc8 20. Rcc3 Rhd8 21. g3 Rd7 22. Rb3 Rcc7 23. Rec3 Qd4 24. Rd3 Qe5 25. Rb5 d5 26. Ra3 Qd4 27. Qb4 Qxc4 28. Qa5 Qd4 29. Rb4 Rc4 30. Rxc4 dxc4 31. Qb4 Nd5 32. Qf8+ Kc7 33. Ra5 Kb6 34. Qa3 a6 35. Qa4 Rc7 36. b4 Nc3 37. Rxa6+ 1-0

[Event "CRO Cup"]
[Site "Mali Losinj"]
[Date "2017.05.12"]
[Round "4.3"]
[White "Cvitan, Ognjen"]
[Black "Vujakovic, Branko"]
[Result "1/2-1/2"]
[WhiteElo "2485"]
[BlackElo "2349"]
[PlyCount "57"]
[EventDate "2017.05.10"]
[EventType "team-swiss"]
[EventRounds "6"]
[EventCountry "CRO"]
[SourceTitle "CBM 178 Extra"]
[Source "ChessBase"]
[SourceDate "2017.06.22"]
[SourceVersion "1"]
[SourceVersionDate "2017.06.22"]
[SourceQuality "1"]
[WhiteTeam "Solin Cemex"]
[BlackTeam "Zagreb Mladost"]
[WhiteTeamCountry "CRO"]
[BlackTeamCountry "CRO"]

1. d4 Nf6 2. c4 g6 3. Nf3 Bg7 4. g3 d5 5. cxd5 Nxd5 6. Bg2 Nb6 7. Nc3 Nc6 8. e3 0-0 9. 0-0 Re8 10. h3 e5 11. d5 Na5 12. Qc2 c6 13. b4 Nac4 14. dxc6 bxc6 15. Rd1 Qe7 16. Nd2 Bf5 17. Nce4 Rad8 18. a3 h5 19. Nxc4 Rxd1+ 20. Qxd1 Nxc4 21. Ra2 Rd8 22. Qe2 Nd6 23. Nxd6 Rxd6 24. Rd2 c5 25. bxc5 Rxd2 26. Bxd2 Qxc5 27. Bb4 Qc8 28. h4 Be6 29. Qd1 1/2-1/2

[Event "CRO-chT1A 25th"]
[Site "Sibenik"]
[Date "2016.10.13"]
[Round "6.4"]
[White "Susak, Zeljko"]
[Black "Vujakovic, Branko"]
[Result "1-0"]
[WhiteElo "2206"]
[BlackElo "2360"]
[PlyCount "49"]
[EventDate "2016.10.08"]
[EventType "team-tourn"]
[EventRounds "9"]
[EventCountry "CRO"]
[SourceTitle "EXT 2017"]
[Source "ChessBase"]
[SourceDate "2016.10.25"]
[SourceVersion "1"]
[SourceVersionDate "2016.10.25"]
[SourceQuality "1"]
[WhiteTeam "Split Brda"]
[BlackTeam "Zagreb Mladost"]
[WhiteTeamCountry "CRO"]
[BlackTeamCountry "CRO"]

1. e4 d6 2. d4 Nf6 3. Nc3 g6 4. Bg5 Bg7 5. Qd2 h6 6. Bh4 Nbd7 7. f4 c5 8. d5 0-0 9. Nf3 Qa5 10. Bd3 a6 11. e5 dxe5 12. fxe5 Ng4 13. Bxe7 Re8 14. d6 Ndxe5 15. Nd5 Qxd2+ 16. Kxd2 c4 17. Be2 Be6 18. Nc7 c3+ 19. bxc3 Rac8 20. Nxe8 Nxf3+ 21. Bxf3 Bxc3+ 22. Kc1 Ne3 23. Rb1 Ba5 24. Nc7 Bxc7 25. Bxb7 1-0

[Event "CRO-chT1A 25th"]
[Site "Sibenik"]
[Date "2016.10.10"]
[Round "3.1"]
[White "Plenca, Jadranko"]
[Black "Vujakovic, Branko"]
[Result "1-0"]
[WhiteElo "2412"]
[BlackElo "2360"]
[PlyCount "57"]
[EventDate "2016.10.08"]
[EventType "team-tourn"]
[EventRounds "9"]
[EventCountry "CRO"]
[SourceTitle "EXT 2017"]
[Source "ChessBase"]
[SourceDate "2016.10.25"]
[SourceVersion "1"]
[SourceVersionDate "2016.10.25"]
[SourceQuality "1"]
[WhiteTeam "Rijeka Liburnija"]
[BlackTeam "Zagreb Mladost"]
[WhiteTeamCountry "CRO"]
[BlackTeamCountry "CRO"]

1. e4 d6 2. d4 Nf6 3. Nc3 g6 4. Be3 Bg7 5. Qd2 Ng4 6. Bg5 h6 7. Bh4 g5 8. Bg3 e5 9. Nf3 exd4 10. Nxd4 Nc6 11. Bb5 Bd7 12. Nf5 Bxf5 13. exf5 0-0 14. h4 Nd4 15. Bd3 Re8+ 16. Kf1 Qd7 17. hxg5 Nxf5 18. Bxf5 Qxf5 19. gxh6 Be5 20. Rh3 Kh7 21. Kg1 Bxg3 22. Rxg3 Re5 23. f3 Nxh6 24. Kf2 Re6 25. Rg5 Qf6 26. Rh1 Rg8 27. Rgh5 Rg6 28. Nd5 Qxb2 29. g4 1-0